000 00609nam a2200193Ia 4500
008 220216s9999 xx 000 0 und d
100 _aWang Zhenhui
245 0 _aVertical distribution and annual dynamics of the fine roots biomass of Hevea brasiliensis of various ages
260 _bIRRDB Natural Rubber Conference 2008, 13-15 October 2008, Kuala Lumpur, Malaysia: Abstract of papers
500 _aSource Year: 2008
650 _aBiomass
650 _aDynamics
650 _aFine root
700 _aChen Qiubo
700 _aLin Xihao
700 _aYang Lifu
856 _uAbst only
942 _cJS
999 _c72158
_d72158